[Event "Open San Miguel"]
[Site "Trevias ESP"]
[Date "2007.09.22"]
[Round "6.3"]
[White "Menendez Rey, Francisco Javier"]
[Black "Aguera Naredo, Javier"]
[Result "1/2-1/2"]
[WhiteElo "2251"]
[BlackElo "2393"]
[PlyCount "103"]
[EventDate "2007.09.17"]
[EventType "tourn"]
[EventRounds "7"]
[EventCountry "ESP"]
[Source "lmi"]
[SourceDate "2007.09.17"]

1. Nf3 d5 2. b3 Bg4 3. Bb2 Nd7 4. d4 e6 5. Nbd2 Ngf6 6. e3 Bh5 7. c4 Bd6 8. Be2
c6 9. Ne5 Bxe2 10. Qxe2 O-O 11. f4 Bb4 12. Nef3 Ne4 13. O-O Bxd2 14. Nxd2 Nxd2
15. Qxd2 Nf6 16. Kh1 Ne4 17. Qe2 f5 18. Rf3 Rf6 19. Rh3 Rg6 20. Rc1 Qa5 21. a4
Qb4 22. Qc2 Qe7 23. Bc3 Rg4 24. Be1 Qd7 25. Rh4 Rxh4 26. Bxh4 h6 27. Kg1 Qd6
28. Be1 g5 29. g3 Qd7 30. b4 Nd6 31. c5 Nc4 32. Qe2 Qg7 33. Kh1 Kh7 34. Bc3 Rg8
35. Rf1 Qg6 36. Rf2 g4 37. Rf1 Qe8 38. Kg2 h5 39. Rb1 Rg7 40. Be1 b6 41. Kf2
Rb7 42. Bc3 Kg6 43. h4 Qb8 44. Qd3 Kf7 45. Ke2 a5 46. bxa5 bxa5 47. Rxb7+ Qxb7
48. Qc2 Ke8 49. Kf2 Kd7 50. Ke2 Kc8 51. Kf2 Kd8 52. Qa2 1/2-1/2

[Event "Open San Miguel"]
[Site "Trevias ESP"]
[Date "2007.09.22"]
[Round "6.4"]
[White "Martinez Rodriguez, Pablo"]
[Black "Alvarez Fernandez, Enrique"]
[Result "1/2-1/2"]
[WhiteElo "2304"]
[BlackElo "2309"]
[PlyCount "137"]
[EventDate "2007.09.17"]
[EventType "tourn"]
[EventRounds "7"]
[EventCountry "ESP"]
[Source "lmi"]
[SourceDate "2007.09.17"]

1. Nf3 d5 2. c4 dxc4 3. e3 e6 4. Bxc4 Nf6 5. O-O a6 6. d4 Be7 7. Qe2 c5 8. a4
Nc6 9. Rd1 Qc7 10. Nc3 O-O 11. Bd2 b6 12. Rac1 Bb7 13. d5 exd5 14. Nxd5 Nxd5
15. Bxd5 Rad8 16. e4 Bf6 17. Bg5 Bxg5 18. Nxg5 Ne5 19. Bxb7 Qxb7 20. Nxh7 Kxh7
21. Qh5+ Kg8 22. Qxe5 Rde8 23. Qd5 Qxd5 24. exd5 Re2 25. b3 Rb2 26. Rd3 Rd8 27.
g4 a5 28. Re1 Rd6 29. Re8+ Kh7 30. g5 Kg6 31. h4 Rc2 32. Rc8 Kf5 33. Rc7 f6 34.
Rxg7 fxg5 35. Rxg5+ Kf4 36. Kg2 Re2 37. Rf3+ Ke4 38. Rf8 Kd4 39. h5 Kd3 40.
Rf3+ Kc2 41. Rg6 Rxd5 42. h6 Rh5 43. Rxb6 Rg5+ 44. Kf1 Rd2 45. Re6 Rh5 46. Kg2
Rd1 47. Re2+ Kc1 48. Rc3+ Kb1 49. Rh3 Rxh3 50. Kxh3 Rh1+ 51. Kg4 Rxh6 52. f4
Rb6 53. Re3 Rc6 54. f5 Kc2 55. Re6 Rc8 56. Re3 c4 57. bxc4 Rxc4+ 58. Kg5 Rxa4
59. f6 Ra1 60. Re4 Rg1+ 61. Kf5 Rf1+ 62. Ke5 Kb3 63. Rf4 Re1+ 64. Kd6 Re8 65.
Rf3+ Kb4 66. f7 Rf8 67. Rf4+ Kb3 68. Rf3+ Kb4 69. Rf4+ 1/2-1/2

[Event "Open San Miguel"]
[Site "Trevias ESP"]
[Date "2007.09.23"]
[Round "7.1"]
[White "Alvarez Fernandez, Enrique"]
[Black "Bajo Gutierrez, Ignacio"]
[Result "1/2-1/2"]
[WhiteElo "2309"]
[BlackElo "2231"]
[PlyCount "29"]
[EventDate "2007.09.17"]
[EventType "tourn"]
[EventRounds "7"]
[EventCountry "ESP"]
[Source "lmi"]
[SourceDate "2007.09.17"]

1. d4 Nf6 2. Nf3 g6 3. h3 Bg7 4. Bf4 O-O 5. e3 d6 6. Be2 Ne4 7. O-O Nc6 8. Nbd2
Nxd2 9. Qxd2 e5 10. dxe5 dxe5 11. Qxd8 Rxd8 12. Bg3 Bf5 13. c3 f6 14. Rfd1 Kf7
15. Kf1 1/2-1/2

[Event "Open San Miguel Grupo B"]
[Site "Trevias ESP"]
[Date "2007.09.17"]
[Round "1.1"]
[White "Garcia-Monteavaro Rodriguez, Carl"]
[Black "Lobo Rodriguez, Jesus Angel"]
[Result "0-1"]
[WhiteElo "2084"]
[BlackElo "2201"]
[PlyCount "78"]
[EventDate "2007.09.17"]
[EventType "swiss"]
[EventCountry "ESP"]
[Source "lmi"]
[SourceDate "2007.09.17"]

1. e4 c5 2. Nf3 e6 3. d4 cxd4 4. Nxd4 a6 5. c4 Nf6 6. Bd3 Nc6 7. Ne2 Qc7 8.
Nbc3 Bc5 9. O-O h6 10. a3 d6 11. b4 Ba7 12. Qc2 Ne5 13. Nd1 Bd7 14. Be3 b5 15.
Bxa7 Nxd3 16. Bd4 Qxc4 17. Qxc4 bxc4 18. Ndc3 Bc6 19. f3 e5 20. Be3 O-O 21. Nc1
d5 22. exd5 Nxd5 23. Nxd5 Bxd5 24. Rd1 e4 25. fxe4 Bxe4 26. Ne2 Rfe8 27. Nf4
Rad8 28. Nxd3 cxd3 29. Bd2 Rc8 30. Rac1 Rc2 31. Rxc2 dxc2 32. Re1 Rd8 33. Be3
Rd1 34. Kf2 Bxg2 35. h4 Bc6 36. Rg1 h5 37. Re1 Rd3 38. Ra1 Rb3 39. Rc1 Be4 0-1

[Event "Open San Miguel Grupo B"]
[Site "Trevias ESP"]
[Date "2007.09.17"]
[Round "1.2"]
[White "Aparicio Garcia, Enrique"]
[Black "Montes Gutierrez, Ignacio"]
[Result "1-0"]
[WhiteElo "2179"]
[BlackElo "2084"]
[PlyCount "95"]
[EventDate "2007.09.17"]
[EventType "swiss"]
[EventCountry "ESP"]
[Source "lmi"]
[SourceDate "2007.09.17"]

1. e4 e6 2. d4 d5 3. Nc3 Bb4 4. Nge2 dxe4 5. a3 Be7 6. Nxe4 Nd7 7. N2g3 Ngf6 8.
Bd3 c5 9. dxc5 Nxc5 10. Nxc5 Bxc5 11. O-O Qc7 12. b4 Bd6 13. Bb2 Bd7 14. Qe2 h5
15. h3 h4 16. Nf5 Bh2+ 17. Kh1 O-O-O 18. Nxg7 Nd5 19. Nh5 Rhg8 20. Be4 Ba4 21.
Qf3 Bb5 22. Rfe1 Bc4 23. Nf6 Nxf6 24. Bxf6 Rd2 25. Bc3 Rd5 26. Qe3 Kb8 27. Bxd5
Bxd5 28. f3 Bc4 29. Be5 Bxe5 30. Qxe5 Qxe5 31. Rxe5 f5 32. Rd1 a6 33. Rd4 Bf1
34. Rd2 Bc4 35. Kg1 b5 36. Kf2 Kc7 37. Rc5+ Kb7 38. Rd7+ Kb8 39. Rc6 e5 40. Rf6
Re8 41. Rdd6 e4 42. Rxf5 e3+ 43. Ke1 Rg8 44. Re5 e2 45. Kf2 a5 46. Rd4 axb4 47.
a4 b3 48. cxb3 1-0

[Event "Open San Miguel Grupo B"]
[Site "Trevias ESP"]
[Date "2007.09.17"]
[Round "1.3"]
[White "Fidalgo Fernandez, Lucia"]
[Black "Iglesias Valle, Julian"]
[Result "1-0"]
[WhiteElo "2068"]
[BlackElo "2169"]
[PlyCount "61"]
[EventDate "2007.09.17"]
[EventType "swiss"]
[EventCountry "ESP"]
[Source "lmi"]
[SourceDate "2007.09.17"]

1. e4 d6 2. d4 Nf6 3. Nc3 c6 4. f4 Qa5 5. Bd3 e5 6. Nf3 Nbd7 7. O-O Be7 8. Kh1
O-O 9. Qe1 Qc7 10. fxe5 dxe5 11. dxe5 Ng4 12. Bf4 Ndxe5 13. Qg3 Bd6 14. h3 Rd8
15. hxg4 Nxd3 16. e5 Nxf4 17. Qxf4 Be7 18. Ne4 Rf8 19. Nfg5 Bxg5 20. Qxg5 Kh8
21. Qh5 Be6 22. Ng5 h6 23. Rf6 Kg8 24. Rxh6 gxh6 25. Qxh6 Rfe8 26. Nh7 Qxe5 27.
Nf6+ Qxf6 28. Qxf6 Rad8 29. Kh2 Rd5 30. Kg3 Bc8 31. Rh1 1-0

[Event "Open San Miguel Grupo B"]
[Site "Trevias ESP"]
[Date "2007.09.17"]
[Round "1.4"]
[White "Arias Rodriguez, Santiago"]
[Black "Garrido Moreno, Angel Luis"]
[Result "1-0"]
[WhiteElo "2166"]
[BlackElo "2053"]
[PlyCount "113"]
[EventDate "2007.09.17"]
[EventType "swiss"]
[EventCountry "ESP"]
[Source "lmi"]
[SourceDate "2007.09.17"]

1. e4 c5 2. Nf3 Nc6 3. d4 cxd4 4. Nxd4 e5 5. Nb5 a6 6. Nd6+ Bxd6 7. Qxd6 Qf6 8.
Qd1 Qg6 9. Nc3 Nge7 10. h4 h5 11. Bg5 d5 12. Bxe7 Nxe7 13. exd5 Bf5 14. Qe2
Bxc2 15. Rh3 O-O 16. Rg3 Qh7 17. Re3 Bg6 18. Rxe5 Nf5 19. O-O-O b5 20. g4 Qh6+
21. g5 Qh7 22. a3 Nd6 23. Bh3 Nc4 24. Re7 Bf5 25. Bxf5 Qxf5 26. Re4 Rac8 27.
Rd3 Nd6 28. Red4 a5 29. Rf3 Qg6 30. Qd3 Qxd3 31. Rfxd3 g6 32. Kb1 f6 33. gxf6
Rxf6 34. Nd1 Rf5 35. Re3 Rc5 36. Re6 Rc4 37. Rd3 Ne4 38. Rxg6+ Kf7 39. Rb6 Nc5
40. Ne3 Rxf2 41. Rd1 Rxh4 42. Rxb5 Nd7 43. Rb7 Ke8 44. Rc1 Re4 45. Nc4 Ree2 46.
Nxa5 h4 47. Rc8+ Ke7 48. Rcc7 h3 49. Rxd7+ Kf6 50. Nc4 h2 51. Rf7+ Kg6 52. Rg7+
Kf6 53. Rh7 Rc2 54. Rbf7+ Kg6 55. Ne5+ Kg5 56. Rxf2 Rxf2 57. Rxh2 1-0

[Event "Open San Miguel Grupo B"]
[Site "Trevias ESP"]
[Date "2007.09.17"]
[Round "1.5"]
[White "Martinez Riesgo, Jesus"]
[Black "Fabre Masana, Miguel"]
[Result "1/2-1/2"]
[WhiteElo "2021"]
[BlackElo "2159"]
[PlyCount "89"]
[EventDate "2007.09.17"]
[EventType "swiss"]
[EventCountry "ESP"]
[Source "lmi"]
[SourceDate "2007.09.17"]

1. e4 c5 2. c3 Nf6 3. e5 Nd5 4. d4 cxd4 5. Nf3 e6 6. cxd4 d6 7. Nc3 Nxc3 8.
bxc3 Be7 9. Be2 Nc6 10. Bf4 O-O 11. O-O dxe5 12. Nxe5 Nxe5 13. Bxe5 Bd7 14. Bf3
Bc6 15. Bxc6 bxc6 16. Qg4 Bf6 17. Bxf6 Qxf6 18. Qe4 Rac8 19. Rac1 c5 20. Rfd1
Rfd8 21. dxc5 Qxc3 22. Qa4 Rxd1+ 23. Qxd1 Qa5 24. Qc2 Rc6 25. h3 g6 26. Qc4 Qd2
27. Rc2 Qd1+ 28. Kh2 e5 29. Qe4 Rc8 30. Rc4 Qf1 31. Rc2 Qb1 32. c6 h5 33. Qa4
Qb6 34. Qc4 Qd4 35. Qa6 Rc7 36. Qa5 Qd6 37. Rd2 Qe7 38. Qb5 e4 39. Rd7 Rxd7 40.
cxd7 Qd6+ 41. g3 h4 42. Qb7 hxg3+ 43. Kg2 Qd3 44. Qc8+ Kg7 45. fxg3 1/2-1/2

[Event "Open San Miguel Grupo B"]
[Site "Trevias ESP"]
[Date "2007.09.17"]
[Round "1.6"]
[White "Arias Torio, Sergio"]
[Black "Oria Blasco, Alberto"]
[Result "1/2-1/2"]
[WhiteElo "2153"]
[BlackElo "2016"]
[PlyCount "97"]
[EventDate "2007.09.17"]
[EventType "swiss"]
[EventCountry "ESP"]
[Source "lmi"]
[SourceDate "2007.09.17"]

1. c4 Nf6 2. Nf3 g6 3. Nc3 c5 4. d4 Bg7 5. g3 O-O 6. Bg2 cxd4 7. Nxd4 Nc6 8.
O-O Qb6 9. Nb3 d6 10. Be3 Qd8 11. c5 Ng4 12. Bf4 e5 13. Bd2 Be6 14. cxd6 Qxd6
15. h3 Nf6 16. Be3 Qxd1 17. Rfxd1 Bxb3 18. axb3 a6 19. Bb6 Rfe8 20. g4 h6 21.
e3 g5 22. Ne4 Nxe4 23. Bxe4 Bf8 24. Rd7 Re7 25. Rad1 Rb8 26. Rc7 Rxc7 27. Bxc7
Rc8 28. Rd7 f6 29. Bh7+ Kh8 30. Bf5 Re8 31. Bb6 Re7 32. Rd6 Kg7 33. Be4 Rf7 34.
Re6 Nb8 35. Re8 Nd7 36. Bd8 Nc5 37. Bd5 Rd7 38. e4 b5 39. Bxf6+ Kxf6 40. Rxf8+
Ke7 41. Rh8 Rd6 42. Rh7+ Ke8 43. Kf1 Nd3 44. Ra7 Nf4 45. Ke1 Nxh3 46. Bb7 Nf4
47. Rxa6 Rxa6 48. Bxa6 b4 49. Kd2 1/2-1/2

[Event "Open San Miguel Grupo B"]
[Site "Trevias ESP"]
[Date "2007.09.17"]
[Round "1.7"]
[White "Marcos Pinto, Luis"]
[Black "Fernandez Torre, Ivan"]
[Result "1/2-1/2"]
[WhiteElo "2015"]
[BlackElo "2146"]
[PlyCount "73"]
[EventDate "2007.09.17"]
[EventType "swiss"]
[EventCountry "ESP"]
[Source "lmi"]
[SourceDate "2007.09.17"]

1. e4 d5 2. exd5 Qxd5 3. Nc3 Qa5 4. d4 Nf6 5. Nf3 Bg4 6. h3 Bh5 7. Bd3 e6 8.
Bd2 c6 9. g4 Bg6 10. Bxg6 hxg6 11. Ne4 Qc7 12. Nxf6+ gxf6 13. Qe2 Nd7 14. O-O-O
O-O-O 15. h4 Bd6 16. h5 gxh5 17. gxh5 Bf4 18. Rdg1 Rh7 19. Qe4 Bxd2+ 20. Nxd2
Rdh8 21. Rg8+ Rxg8 22. Qxh7 Qd8 23. Qxf7 Qe8 24. Qxe8+ Rxe8 25. Ne4 Kc7 26. Rg1
Rh8 27. Rg7 Kd8 28. Kd2 b6 29. Ke3 Kc8 30. Rg6 Rxh5 31. Nxf6 Nxf6 32. Rxf6 Ra5
33. a3 Kd7 34. Rf7+ Kd6 35. Kd3 a6 36. c4 c5 37. dxc5+ 1/2-1/2

[Event "Open San Miguel Grupo B"]
[Site "Trevias ESP"]
[Date "2007.09.17"]
[Round "1.8"]
[White "Sierra Canosa, Francisco"]
[Black "Miranda Gonzalez, Jose Luis"]
[Result "1/2-1/2"]
[WhiteElo "2123"]
[BlackElo "1990"]
[PlyCount "107"]
[EventDate "2007.09.17"]
[EventType "swiss"]
[EventCountry "ESP"]
[Source "lmi"]
[SourceDate "2007.09.17"]

1. e4 c6 2. d4 d5 3. Nc3 dxe4 4. Nxe4 Bf5 5. Ng3 Bg6 6. Bc4 e6 7. N1e2 Nf6 8.
Nf4 Bd6 9. h4 Bxf4 10. Bxf4 h6 11. Qe2 O-O 12. O-O-O Nbd7 13. Rhe1 Nd5 14. Bd6
Re8 15. h5 Bh7 16. Bd3 N7f6 17. Be5 Bxd3 18. Rxd3 b5 19. Kb1 a5 20. Bxf6 Nxf6
21. Ne4 Nxe4 22. Qxe4 Qd5 23. Rc3 Red8 24. Rxc6 Qxd4 25. Qxd4 Rxd4 26. Rc5 Rad8
27. Kc1 R4d5 28. Rxd5 Rxd5 29. g4 Kf8 30. Re4 Ke7 31. f3 f5 32. Re3 Kf6 33. c4
Rc5 34. Kd2 fxg4 35. cxb5 g3 36. f4 g2 37. Rg3 Rxb5 38. Rg6+ Kf7 39. Kc3 Rxh5
40. Rxg2 Rf5 41. Rg4 Kf6 42. b4 Rb5 43. a3 axb4+ 44. axb4 Kf5 45. Rxg7 Kxf4 46.
Rg6 e5 47. Rxh6 e4 48. Kc4 Rb8 49. b5 e3 50. Re6 Kf3 51. Kc5 e2 52. b6 Rc8+ 53.
Kd6 Rc3 54. b7 1/2-1/2

[Event "Open San Miguel Grupo B"]
[Site "Trevias ESP"]
[Date "2007.09.17"]
[Round "1.9"]
[White "Fernandez Fernandez, Alfredo"]
[Black "Alvariño Cazon, Jose Manuel"]
[Result "1/2-1/2"]
[WhiteElo "1969"]
[BlackElo "2115"]
[PlyCount "49"]
[EventDate "2007.09.17"]
[EventType "swiss"]
[EventCountry "ESP"]
[Source "lmi"]
[SourceDate "2007.09.17"]

1. e4 e6 2. d3 d5 3. Nd2 Nf6 4. Ngf3 Bc5 5. Be2 dxe4 6. dxe4 Nc6 7. c3 e5 8.
O-O O-O 9. Qc2 Qe7 10. b4 Bd6 11. Nc4 Be6 12. b5 Bxc4 13. bxc6 Bxe2 14. cxb7
Rab8 15. Qxe2 Rxb7 16. Bg5 Rfb8 17. Qd3 Bc5 18. Bxf6 Qxf6 19. Rab1 Rb2 20. Rxb2
Rxb2 21. Qd5 Qd6 22. Qa8+ Qf8 23. Qd5 Qd6 24. Qa8+ Qf8 25. Qd5 1/2-1/2

[Event "Open San Miguel Grupo B"]
[Site "Trevias ESP"]
[Date "2007.09.17"]
[Round "1.10"]
[White "Vega Viejo, Marcelino"]
[Black "Menendez Solar, Jose Carlos"]
[Result "1-0"]
[WhiteElo "2093"]
[BlackElo "1925"]
[PlyCount "71"]
[EventDate "2007.09.17"]
[EventType "swiss"]
[EventCountry "ESP"]
[Source "lmi"]
[SourceDate "2007.09.17"]

1. d4 d5 2. c4 c6 3. Nc3 Nf6 4. Nf3 dxc4 5. e3 b5 6. a4 Qb6 7. axb5 cxb5 8. b3
e6 9. bxc4 bxc4 10. Bxc4 Be7 11. O-O O-O 12. Qe2 Nbd7 13. e4 Bb7 14. Bf4 Rfc8
15. Rfc1 Bb4 16. Rab1 a5 17. Bd3 Qd8 18. Bd2 h6 19. e5 Nd5 20. Ne4 Rxc1+ 21.
Rxc1 Rc8 22. Rxc8 Qxc8 23. h3 Qa8 24. Ng3 Nf8 25. Nh2 Bxd2 26. Qxd2 Nb4 27. Bf1
Qc8 28. Ng4 Qc2 29. Qe3 Bd5 30. Nh5 Qg6 31. Nf4 Qg5 32. Qg3 h5 33. Nxh5 Kh7 34.
Nf4 Nd7 35. h4 Qh6 36. Nxh6 1-0

[Event "Open San Miguel Grupo B"]
[Site "Trevias ESP"]
[Date "2007.09.17"]
[Round "1.11"]
[White "Fernandez-Velasco Climent, Fernan"]
[Black "Fernandez Martin, Fermin Jorge"]
[Result "1-0"]
[WhiteElo "1914"]
[BlackElo "2093"]
[PlyCount "59"]
[EventDate "2007.09.17"]
[EventType "swiss"]
[EventCountry "ESP"]
[Source "lmi"]
[SourceDate "2007.09.17"]

1. e4 c5 2. Nf3 e6 3. d4 cxd4 4. Nxd4 Nc6 5. Nc3 Qc7 6. Ndb5 Qb8 7. Be3 Nf6 8.
f3 a6 9. Nd4 Bb4 10. Qd2 Qc7 11. a3 Be7 12. Bc4 O-O 13. Ba2 b5 14. Rd1 Bb7 15.
O-O Ne5 16. Qf2 Nc4 17. Bxc4 Qxc4 18. Nde2 d6 19. Nf4 Rac8 20. Rd4 Qc6 21. Rd3
a5 22. Nfe2 e5 23. Ng3 g6 24. Bh6 Rfe8 25. Nf5 b4 26. Nxe7+ Rxe7 27. Qh4 Re6
28. Nd5 Nd7 29. axb4 Qxc2 30. Rc3 1-0

[Event "Open San Miguel Grupo B"]
[Site "Trevias ESP"]
[Date "2007.09.18"]
[Round "2.1"]
[White "Lobo Rodriguez, Jesus Angel"]
[Black "Vega Viejo, Marcelino"]
[Result "1-0"]
[WhiteElo "2201"]
[BlackElo "2093"]
[PlyCount "70"]
[EventDate "2007.09.17"]
[EventType "swiss"]
[EventCountry "ESP"]
[Source "lmi"]
[SourceDate "2007.09.17"]

1. d4 e6 2. c4 Nf6 3. Nf3 d5 4. cxd5 exd5 5. Nc3 c6 6. Bg5 Be7 7. Qc2 Na6 8.
Bxf6 Bxf6 9. e3 Nc7 10. h3 O-O 11. Bd3 g6 12. O-O Ne8 13. b4 Qe7 14. b5 Nd6 15.
bxc6 bxc6 16. Na4 Bd7 17. Nc5 Bf5 18. Bxf5 Nxf5 19. Rfc1 Nd6 20. Rab1 Rac8 21.
Nd2 Rfe8 22. Rb3 Bh4 23. Nd3 Nf5 24. Nf3 Bg5 25. Nde5 c5 26. dxc5 d4 27. Nxg5
dxe3 28. Ngf3 f6 29. Ng4 exf2+ 30. Qxf2 Kg7 31. Ne3 Nxe3 32. Re1 Qxc5 33. Rbxe3
Rxe3 34. Qxe3 Kf7 35. Kh1 Qc2 1-0

[Event "Open San Miguel Grupo B"]
[Site "Trevias ESP"]
[Date "2007.09.18"]
[Round "2.2"]
[White "Fidalgo Fernandez, Lucia"]
[Black "Aparicio Garcia, Enrique"]
[Result "1/2-1/2"]
[WhiteElo "2068"]
[BlackElo "2179"]
[PlyCount "87"]
[EventDate "2007.09.17"]
[EventType "swiss"]
[EventCountry "ESP"]
[Source "lmi"]
[SourceDate "2007.09.17"]

1. d4 Nf6 2. Nf3 d6 3. Bf4 Nbd7 4. h3 c6 5. c3 g6 6. e3 Bg7 7. Be2 h6 8. Nbd2
Qc7 9. Bh2 Nf8 10. Qc2 b5 11. e4 N6d7 12. O-O Ne6 13. Bd3 g5 14. Rfe1 Nf4 15.
Bf1 Rb8 16. e5 dxe5 17. Qe4 Ng6 18. dxe5 e6 19. Nd4 Ndxe5 20. N2f3 f5 21. Qe2
f4 22. Nxe5 Nxe5 23. Qh5+ Qf7 24. Qxf7+ Nxf7 25. Nxe6 Bxe6 26. Rxe6+ Kd7 27.
Rg6 Rhg8 28. Rd1+ Kc7 29. g3 Be5 30. Rxg8 Rxg8 31. Bg2 Bd6 32. Bf3 Ne5 33. Kg2
Rf8 34. g4 Nc4 35. b3 Ne5 36. Be4 Rd8 37. f3 Bc5 38. Rxd8 Kxd8 39. h4 a5 40.
hxg5 hxg5 41. Bg1 Bxg1 42. Kxg1 Kc7 43. Kf2 Kd6 44. Ke2 1/2-1/2

[Event "Open San Miguel Grupo B"]
[Site "Trevias ESP"]
[Date "2007.09.18"]
[Round "2.3"]
[White "Martinez Rodriguez, Ezequiel"]
[Black "Arias Rodriguez, Santiago"]
[Result "0-1"]
[WhiteElo "1913"]
[BlackElo "2166"]
[PlyCount "84"]
[EventDate "2007.09.17"]
[EventType "swiss"]
[EventCountry "ESP"]
[Source "lmi"]
[SourceDate "2007.09.17"]

1. d4 Nf6 2. c4 g6 3. Nc3 Bg7 4. e4 d6 5. Bd3 O-O 6. Nge2 Nc6 7. Bg5 h6 8. Bh4
g5 9. Bg3 e5 10. d5 Nd4 11. h4 g4 12. h5 c5 13. Qd2 Nh7 14. O-O-O Bf6 15. Kb1
Bg5 16. Qe1 a6 17. Nxd4 cxd4 18. Ne2 b5 19. f4 gxf3 20. gxf3 bxc4 21. Bxc4 f5
22. f4 Bf6 23. Rg1 Kh8 24. fxe5 dxe5 25. Rxd4 exd4 26. Nf4 Ng5 27. Ng6+ Kh7 28.
e5 Re8 29. Qd1 Bg7 30. Bf4 Bb7 31. d6 Be4+ 32. Ka1 Nf3 33. e6 Nxg1 34. Qxg1 Qf6
35. e7 d3 36. Be5 Qg5 37. Qxg5 hxg5 38. Bxg7 Kxg7 39. d7 Rxe7 40. Nxe7 Rd8 41.
h6+ Kxh6 42. Be6 d2 0-1

[Event "Open San Miguel Grupo B"]
[Site "Trevias ESP"]
[Date "2007.09.18"]
[Round "2.4"]
[White "Fabre Masana, Miguel"]
[Black "Fernandez-Velasco Climent, Fernan"]
[Result "1-0"]
[WhiteElo "2159"]
[BlackElo "1914"]
[PlyCount "33"]
[EventDate "2007.09.17"]
[EventType "swiss"]
[EventCountry "ESP"]
[Source "lmi"]
[SourceDate "2007.09.17"]

1. e4 c5 2. Nf3 Nc6 3. c3 g6 4. d4 cxd4 5. cxd4 Bg7 6. Nc3 d6 7. Be2 Bd7 8. O-O
e6 9. Nb5 Bc8 10. d5 exd5 11. Qxd5 Be5 12. Ng5 Nh6 13. f4 Qb6+ 14. Kh1 Nd4 15.
Be3 Be6 16. Nxe6 fxe6 17. Bxd4 1-0

[Event "Open San Miguel Grupo B"]
[Site "Trevias ESP"]
[Date "2007.09.18"]
[Round "2.5"]
[White "Miranda Gonzalez, Jose Luis"]
[Black "Arias Torio, Sergio"]
[Result "1/2-1/2"]
[WhiteElo "1990"]
[BlackElo "2153"]
[PlyCount "32"]
[EventDate "2007.09.17"]
[EventType "swiss"]
[EventCountry "ESP"]
[Source "lmi"]
[SourceDate "2007.09.17"]

1. e4 c5 2. c3 e6 3. d4 d5 4. e5 Nc6 5. Nf3 Qb6 6. a3 Bd7 7. Be2 Rc8 8. dxc5
Bxc5 9. O-O Qc7 10. b4 Bb6 11. Bf4 Nge7 12. Re1 Ng6 13. Bg3 Qb8 14. Bd3 Bc7 15.
Qe2 O-O 16. Nbd2 f5 1/2-1/2

[Event "Open San Miguel Grupo B"]
[Site "Trevias ESP"]
[Date "2007.09.18"]
[Round "2.6"]
[White "Fernandez Torre, Ivan"]
[Black "Fernandez Fernandez, Alfredo"]
[Result "1/2-1/2"]
[WhiteElo "2146"]
[BlackElo "1969"]
[PlyCount "64"]
[EventDate "2007.09.17"]
[EventType "swiss"]
[EventCountry "ESP"]
[Source "lmi"]
[SourceDate "2007.09.17"]

1. e4 Nf6 2. e5 Nd5 3. d4 d6 4. Nf3 Bg4 5. Be2 Nc6 6. O-O e6 7. c4 Nb6 8. exd6
cxd6 9. d5 exd5 10. cxd5 Bxf3 11. Bxf3 Ne5 12. Be4 Be7 13. f4 Ned7 14. Be3 O-O
15. Nc3 Nc4 16. Bxh7+ Kxh7 17. Qd3+ Kg8 18. Qxc4 a6 19. Ne4 Nf6 20. Nxf6+ Bxf6
21. Bd4 Rc8 22. Qd3 Bxd4+ 23. Qxd4 Qa5 24. b4 Qb5 25. Rac1 Rfe8 26. h4 Rxc1 27.
Rxc1 Qe2 28. Qc4 Qe3+ 29. Kh1 Re4 30. Qc8+ Re8 31. Qc4 Re4 32. Qc8+ Re8 1/2-1/2

[Event "Open San Miguel Grupo B"]
[Site "Trevias ESP"]
[Date "2007.09.18"]
[Round "2.7"]
[White "Oria Blasco, Alberto"]
[Black "Sierra Canosa, Francisco"]
[Result "1/2-1/2"]
[WhiteElo "2016"]
[BlackElo "2123"]
[PlyCount "83"]
[EventDate "2007.09.17"]
[EventType "swiss"]
[EventCountry "ESP"]
[Source "lmi"]
[SourceDate "2007.09.17"]

1. Nf3 g6 2. c4 Bg7 3. Nc3 Nf6 4. g3 O-O 5. Bg2 d6 6. O-O e5 7. d3 h6 8. Bd2
Nc6 9. Rb1 Nh5 10. b4 f5 11. e3 Be6 12. b5 Ne7 13. Nh4 Bf7 14. Bxb7 g5 15. Ng2
Rb8 16. Bd5 Nxd5 17. Nxd5 Nf6 18. Nxf6+ Qxf6 19. Bc3 Qe6 20. f4 e4 21. Bxg7
Kxg7 22. fxg5 hxg5 23. d4 Rh8 24. d5 Qf6 25. Qd2 Rh3 26. Rf2 Rbh8 27. Ne1 Qh6
28. Rg2 Bh5 29. Qf2 Bg4 30. Rb2 Qh5 31. Kf1 Bf3 32. Rg1 Rxh2 33. Qxh2 Qxh2 34.
Rxh2 Rxh2 35. Ng2 Kf6 36. a4 Ke5 37. a5 Bxg2+ 38. Rxg2 Rh1+ 39. Rg1 Rxg1+ 40.
Kxg1 f4 41. Kf2 f3 42. g4 1/2-1/2

[Event "Open San Miguel Grupo B"]
[Site "Trevias ESP"]
[Date "2007.09.18"]
[Round "2.8"]
[White "Alvariño Cazon, Jose Manuel"]
[Black "Marcos Pinto, Luis"]
[Result "1-0"]
[WhiteElo "2115"]
[BlackElo "2015"]
[PlyCount "89"]
[EventDate "2007.09.17"]
[EventType "swiss"]
[EventCountry "ESP"]
[Source "lmi"]
[SourceDate "2007.09.17"]

1. e4 c5 2. Nf3 Nc6 3. Nc3 Nf6 4. Bb5 Nd4 5. e5 Nxb5 6. Nxb5 Nd5 7. c4 Nc7 8.
Nc3 e6 9. d4 d5 10. O-O cxd4 11. Qxd4 Be7 12. Qg4 Kf8 13. Rd1 b6 14. Nd4 Bb7
15. cxd5 Nxd5 16. Nxe6+ fxe6 17. Qxe6 Nxc3 18. Qf5+ Ke8 19. Rxd8+ Rxd8 20. Bg5
Bc8 21. e6 Rf8 22. Qxh7 Ne2+ 23. Kh1 Bxe6 24. Qh5+ Kd7 25. Bxe7 Kxe7 26. Qxe2
Rf6 27. Re1 Kf8 28. f4 Rc8 29. h3 Kg8 30. b3 Rc5 31. Qd2 Rd5 32. Qc3 Bf5 33.
Qc7 Rd7 34. Re8+ Kh7 35. Qb8 Kg6 36. g4 Bb1 37. Qe5 Rd1+ 38. Kh2 Rd2+ 39. Kg3
Kh7 40. g5 Rf5 41. Qb8 Rd3+ 42. Kg4 Rd7 43. Rh8+ Kg6 44. h4 Re7 45. Qd6+ 1-0

[Event "Open San Miguel Grupo B"]
[Site "Trevias ESP"]
[Date "2007.09.18"]
[Round "2.9"]
[White "Martin Fernandez, Jorge"]
[Black "Martinez Riesgo, Jesus"]
[Result "0-1"]
[WhiteElo "1941"]
[BlackElo "2021"]
[PlyCount "52"]
[EventDate "2007.09.17"]
[EventType "swiss"]
[EventCountry "ESP"]
[Source "lmi"]
[SourceDate "2007.09.17"]

1. d4 Nf6 2. c4 e6 3. Nc3 Bb4 4. Qc2 c5 5. e3 O-O 6. Nf3 b6 7. Be2 d5 8. O-O
Bb7 9. cxd5 cxd4 10. Nxd4 Nxd5 11. Nxd5 Bxd5 12. Bf3 Bxf3 13. Nxf3 Nd7 14. Rd1
Qe7 15. a3 Bd6 16. Qc6 Ne5 17. Nxe5 Bxe5 18. f4 Bf6 19. Qb5 Rfd8 20. Rxd8+ Rxd8
21. Qe2 Qd6 22. Kf2 e5 23. f5 e4 24. g3 Qe5 25. Qg4 Rc8 26. Rb1 Rxc1 0-1

[Event "Open San Miguel Grupo B"]
[Site "Trevias ESP"]
[Date "2007.09.18"]
[Round "2.10"]
[White "Iglesias Valle, Julian"]
[Black "Montes Gutierrez, Ignacio"]
[Result "1/2-1/2"]
[WhiteElo "2169"]
[BlackElo "2084"]
[PlyCount "78"]
[EventDate "2007.09.17"]
[EventType "swiss"]
[EventCountry "ESP"]
[Source "lmi"]
[SourceDate "2007.09.17"]

1. Nf3 Nf6 2. e3 c5 3. b3 g6 4. Bb2 Bg7 5. Be2 O-O 6. O-O d5 7. d3 d4 8. exd4
Nh5 9. c3 cxd4 10. Nxd4 Nf4 11. Nc2 e5 12. d4 Nc6 13. Bf3 Bf5 14. Bc1 Rc8 15.
Nba3 g5 16. Be3 e4 17. Be2 Qe7 18. Qd2 Nxe2+ 19. Qxe2 Bg6 20. Rae1 f5 21. d5
Ne5 22. Bd4 Nd3 23. Qxd3 Qxa3 24. Nxa3 exd3 25. Bxg7 Kxg7 26. c4 f4 27. Nb5 a6
28. Re7+ Kg8 29. Nd6 Rb8 30. Nxb7 Rfe8 31. Rxe8+ Rxe8 32. d6 Bf5 33. f3 Re2 34.
Rd1 d2 35. Kf1 Bd3 36. d7 Re1+ 37. Kf2 Re2+ 38. Kf1 Re7+ 39. Kf2 Re2+ 1/2-1/2